Kupannja voseny. Porožnjomu žyttju nebezpečno

Podrobná bibliografia
Hlavný autor: Sýs, Karel, 1946-2024 (Autor)
Ďalší autori: Ňachajová, Mária, 1951- (Prekladateľ)
Médium: Článok
Jazyk:ukrajinčina
Predmet:

MARC

LEADER 00000nab a2200000 a 4500
001 vtls000207626
003 SK-MaSNL
005 20260305003649.0
008 160202c1984 xo 0 ukr
015 |a SNBRB19rr/mm-uuuuu 
035 |a CL0217739 
040 |a SNKBUCL  |b slo  |c SNKBUCL  |e AACR2 
041 0 |a ukr 
044 |a xo  |c SK 
080 |a 885.0-1=83  |2 1981 
100 1 |a Sýs, Karel,  |d 1946-2024  |4 aut  |9 189143 
245 1 0 |a Kupannja voseny. Porožnjomu žyttju nebezpečno  |c Karel Sýs ; Marusja Njachaj 
650 0 7 |a česká poézia  |x preklady  |2 snkbucl  |9 1271226 
655 7 |a články z novín a časopisov  |2 snkbucl  |9 267496 
655 7 |a články z odboru literárna veda a krásna literatúra  |2 snkbucl  |9 770045 
700 1 |a Ňachajová, Mária,  |d 1951-  |4 trl  |9 101167 
773 0 |t Duklja  |g Roč. 32, č. 6 (1984), s. 29 
850 |a Slovenská národná knižnica v Martine  |a MTA001 
852 |a SNK  |b KIS3GCP 
958 |a RK 
958 |a CZ 
958 |a LX 
992 |a RBX 
999 |c 3231521  |d 3233451